KOHA-Header-6

Cost Accounting Planning and Control (Record no. 6012)

000 -LEADER
fixed length control field 00285nam a2200109Ia 4500
008 - FIXED-LENGTH DATA ELEMENTS--GENERAL INFORMATION
fixed length control field 190906s9999||||xx |||||||||||||| ||und||
100 ## - MAIN ENTRY--PERSONAL NAME
Personal name Usry Hammer Matz
245 #0 - TITLE STATEMENT
Title Cost Accounting Planning and Control
260 ## - PUBLICATION, DISTRIBUTION, ETC. (IMPRINT)
Place of publication, distribution, etc America
Name of publisher, distributor, etc Prentice Hall Inc.
Date of publication, distribution, etc 1998
300 ## - PHYSICAL DESCRIPTION
Extent 895
942 ## - ADDED ENTRY ELEMENTS (KOHA)
Koha item type Books
Holdings
Withdrawn status Lost status Damaged status Not for loan Collection code Permanent Location Current Location Shelving location Date acquired Total Checkouts Full call number Barcode Date last seen Date checked out Price effective from Koha item type
          MAJU MAJU   2019-09-06 1 658.4 1744 2025-06-19 2025-05-26 2019-09-06 Accounting

Powered by Koha